000 00317nam a22001337a 4500
003 OSt
005 20231127214912.0
008 231127b |||||||| |||| 00| 0 eng d
040 _cCO-JMCR
082 _aC /
_bBROd
100 _aBrown, Dolores,
_eautora
_942977
245 _aEL día en que llegaste /
942 _2ddc
_cBK
999 _c30385
_d16769